• 首页
  • 本馆介绍
  • 公告通知
  • 最新文献
  • 馆藏检索
  • 电子资源
  • 读者导购
  • 参考咨询
  • 我的图书馆
  • 登录
  • 详细信息显示
  • 放入我的书架
  • 预约/预借图书
  • 作者相关作品
  • 分类相关作品
  • 丛书相关作品
  • 出版社相关作品

书目信息

  • 表格格式
  • 工作单格式
  • 卡片格式
题名:
先秦穿越生存手册
    
 
作者: 柳馥, 著
分册:  
出版信息: 北京   台海出版社  2018
页数: 230页
开本: 23cm
丛书名:
单 册:
中图分类: K220.9
科图分类:
主题词: 中国历史--Zhong Guo Li Shi--先秦时代--通俗读物
电子资源:
ISBN: 978-7-5168-2116-9
000 01115nam0 2200253 45
001 012001008026
005 20130121174601.0
010    @a978-7-5168-2116-9@dCNY89.80
099    @aCAL 012018183097
100    @a20180917d2018 ekmy0chiy50 ea
101 0  @achi
102    @aCN@b110000
105    @aaf z 000yy
106    @ar
200 1  @a先秦穿越生存手册@AXian Qin Chuan Yue Sheng Cun Shou Ce@e一场与过去的对话@f柳馥著
210    @a北京@c台海出版社@d2018
215    @a230页@c彩图@d23cm
330    @a本书以《春秋》《左传》等典籍为依据, 抛去晦涩艰深, 以轻松欢快的笔触还原先秦时期的历史常态, 不仅讲述了普通老百姓的衣食住行、婚丧嫁娶, 还将社会上的奇葩风俗、王公贵族的搞笑事迹一一道来。《先秦穿越生存手册: 一场与过去的对话》一书虽冠以“穿越”之名, 实为历史普及读物, 不仅内容丰富可考, 还具有新鲜性、趣味性和探秘性, 相信能满足广大历史爱好者的阅读需求。
517 1  @a一场与过去的对话@AYi Chang Yu Guo Qu De Dui Hua
606 0  @a中国历史@AZhong Guo Li Shi@z先秦时代@j通俗读物
690    @aK220.9@v5
701  0 @a柳馥,@ALiu Fu@f1988-@4著
801  0 @aCN@b上海新华@c20191020
905    @b1134397-400@dK220.9@e136@f4
    
    先秦穿越生存手册:一场与过去的对话/柳馥著.-北京:台海出版社,2018
    230页:彩图;23cm
    
    
    ISBN 978-7-5168-2116-9:CNY89.80
    本书以《春秋》《左传》等典籍为依据, 抛去晦涩艰深, 以轻松欢快的笔触还原先秦时期的历史常态, 不仅讲述了普通老百姓的衣食住行、婚丧嫁娶, 还将社会上的奇葩风俗、王公贵族的搞笑事迹一一道来。《先秦穿越生存手册: 一场与过去的对话》一书虽冠以“穿越”之名, 实为历史普及读物, 不仅内容丰富可考, 还具有新鲜性、趣味性和探秘性, 相信能满足广大历史爱好者的阅读需求。
●
相关链接 在E读中查询图书 在五车中查询图书 在当当中查询图书 在豆瓣中查询图书


正题名:先秦穿越生存手册     索取号:K220.9/136         预约/预借

序号 登录号 条形码 馆藏地/架位号 状态 备注
1 1134397   211343973   第二样本阅览室/ [索取号:K220.9/136] 在馆    
2 1134398   211343982   第二借阅区/ [索取号:K220.9/136] 在馆    
3 1134399   211343991   第二借阅区/ [索取号:K220.9/136] 在馆    
4 1134400   211344008   第二借阅区/ [索取号:K220.9/136] 在馆    
唐山师范学院图书馆 欢迎您!
大连网信软件有限公司© 版权所有